Colorado Springs Airport Destinations (Colorado Springs, CO, USA) - Statistics

General Stats
  • This quiz has been taken 70 times
    31 since last reset
  • The average score is 16 of 19
Answer Stats
Airline Destination % Correct
Delta Air Lines Atlanta
100%
Southwest Airlines Chicago (Midway)
100%
American Eagle/United Airlines/United Express Chicago (O'Hare)
100%
American Airlines/American Eagle Dallas/Fort Worth
100%
Southwest Airlines Dallas (Love)
100%
Southwest Airlines/United Airlines/United Express Denver
100%
Southwest Airlines Houston (Hobby)
100%
United Express Houston (Intercontinental)
100%
Delta Air Lines/Sun Country Airlines Minneapolis/St. Paul
100%
Southwest Airlines Las Vegas
89%
Delta Connection Salt Lake City
89%
Allegiant Air Phoenix/Mesa
84%
Southwest Airlines Phoenix (Sky Harbor)
84%
Southwest Airlines Baltimore
79%
Southwest Airlines San Antonio
68%
Southwest Airlines San Diego
68%
Southwest Airlines Cancún
53%
Allegiant Air Orange County
42%
Allegiant Air St. Petersburg/Clearwater
32%
No matching quizzes found
Score Distribution
Percent of People with Each Score
Percentile by Number Answered
Your Score History
You have not taken this quiz since the last reset